<?xml version="1.0" encoding="UTF-8"?><record xmlns="http://www.loc.gov/MARC21/slim" xmlns:zs="http://docs.oasis-open.org/ns/search-ws/sruResponse">
  <leader>02766nam a22004333i 4500</leader>
  <controlfield tag="001">22055924</controlfield>
  <controlfield tag="005">20250607105718.7</controlfield>
  <controlfield tag="006">m    |o  d |      </controlfield>
  <controlfield tag="007">cr |||||||||||</controlfield>
  <controlfield tag="008">210507m16781679xx |||||o|||||||| ||lat  </controlfield>
  <datafield ind1=" " ind2=" " tag="035">
    <subfield code="a">22055924</subfield>
  </datafield>
  <datafield ind1=" " ind2=" " tag="906">
    <subfield code="a">0</subfield>
    <subfield code="b">ibc</subfield>
    <subfield code="c">orignew</subfield>
    <subfield code="d">u</subfield>
    <subfield code="e">ncip</subfield>
    <subfield code="f">20</subfield>
    <subfield code="g">y-gencatlg</subfield>
  </datafield>
  <datafield ind1=" " ind2=" " tag="955">
    <subfield code="a">LCAP batch update 2025-06-02-04:00: LCAPM-988</subfield>
  </datafield>
  <datafield ind1=" " ind2=" " tag="010">
    <subfield code="a">  2021666881</subfield>
  </datafield>
  <datafield ind1=" " ind2=" " tag="035">
    <subfield code="a">(WDL)11299</subfield>
  </datafield>
  <datafield ind1=" " ind2=" " tag="040">
    <subfield code="a">DLC</subfield>
    <subfield code="b">eng</subfield>
    <subfield code="c">DLC</subfield>
  </datafield>
  <datafield ind1=" " ind2=" " tag="041">
    <subfield code="a">lat</subfield>
  </datafield>
  <datafield ind1=" " ind2=" " tag="080">
    <subfield code="a">242</subfield>
  </datafield>
  <datafield ind1=" " ind2=" " tag="080">
    <subfield code="a">264</subfield>
  </datafield>
  <datafield ind1="0" ind2="0" tag="245">
    <subfield code="a">Rosary and Service Dedicated to the Blessed Virgin Mary and Other Devotions Combined in Honor of the Most Holy Trinity and in Worship of the Most Venerable Queen of the Heavens.</subfield>
  </datafield>
  <datafield ind1="3" ind2="1" tag="246">
    <subfield code="a">Rosarium et Officium Beatae Mariae Virginis aliaeque Variae Devotiones Combinatae in Honorem Ssmae Trinitatis Augustissimaque Regina Caelo in Cultum</subfield>
  </datafield>
  <datafield ind1=" " ind2=" " tag="260">
    <subfield code="a">Vilnius :</subfield>
    <subfield code="b">[publisher not identified],</subfield>
    <subfield code="c">[1678 to 1679]</subfield>
  </datafield>
  <datafield ind1=" " ind2=" " tag="300">
    <subfield code="a">1 online resource.</subfield>
  </datafield>
  <datafield ind1=" " ind2=" " tag="336">
    <subfield code="a">text</subfield>
    <subfield code="b">txt</subfield>
    <subfield code="2">rdacontent</subfield>
  </datafield>
  <datafield ind1=" " ind2=" " tag="337">
    <subfield code="a">computer</subfield>
    <subfield code="b">c</subfield>
    <subfield code="2">rdamedia</subfield>
  </datafield>
  <datafield ind1=" " ind2=" " tag="338">
    <subfield code="a">online resource</subfield>
    <subfield code="b">cr</subfield>
    <subfield code="2">rdacarrier</subfield>
  </datafield>
  <datafield ind1=" " ind2=" " tag="500">
    <subfield code="a">Title devised, in English, by Library staff.</subfield>
  </datafield>
  <datafield ind1=" " ind2=" " tag="500">
    <subfield code="a">Original resource extent: 586 pages.</subfield>
  </datafield>
  <datafield ind1=" " ind2=" " tag="520">
    <subfield code="a">Rosarium et Officium Beatae Mariae Virginis (Rosary and service dedicated to the Blessed Virgin Mary), a Latin devotional book published in Vilnius, Lithuania, in 1678--79, is regarded as one of the rarest and most important Belarusian publications of the 17th century. The book was created by Oleksandr Tarasevych (circa 1640--1727), an outstanding master of book design, engraving, portraiture, and heraldic and panegyric printing, whose best works compare favorably with those of the great West European artists. Tarasevych created his most innovative works, including the prints for Rosarium, in Glussk (Mogil'ov voivodeship), present-day Belarus. The 39 illustrations are in two groups: depictions of the months of the calendar and prints depicting stories from the Gospels. The 12 prints in the calendar cycle are particularly noteworthy and display farming activities in each month of the year, for example haymaking in July, harvesting in August, and so forth.</subfield>
  </datafield>
  <datafield ind1="1" ind2=" " tag="535">
    <subfield code="3">Original resource at:</subfield>
    <subfield code="a">National Library of Belarus.</subfield>
  </datafield>
  <datafield ind1=" " ind2=" " tag="546">
    <subfield code="a">Content in Latin.</subfield>
  </datafield>
  <datafield ind1="0" ind2=" " tag="588">
    <subfield code="a">Description based on data extracted from World Digital Library, which may be extracted from partner institutions.</subfield>
  </datafield>
  <datafield ind1=" " ind2="0" tag="653">
    <subfield code="a">1678 to 1679</subfield>
  </datafield>
  <datafield ind1=" " ind2="0" tag="653">
    <subfield code="a">Bible. New Testament</subfield>
    <subfield code="a">Calendars</subfield>
    <subfield code="a">Prayers</subfield>
    <subfield code="a">Rosaries (Prayer books)</subfield>
  </datafield>
  <datafield ind1=" " ind2=" " tag="720">
    <subfield code="a">Tarasevych, Oleksandr, approximately 1640-1727</subfield>
    <subfield code="e">Creator.</subfield>
  </datafield>
  <datafield ind1=" " ind2=" " tag="752">
    <subfield code="a">Belarus</subfield>
  </datafield>
  <datafield ind1="4" ind2="0" tag="856">
    <subfield code="d">gdcwdl</subfield>
    <subfield code="f">wdl_11299</subfield>
    <subfield code="u">https://hdl.loc.gov/loc.wdl/wdl.11299</subfield>
  </datafield>
  <datafield ind1=" " ind2=" " tag="985">
    <subfield code="a">wdl/wdlpartner/wdlbelarus</subfield>
  </datafield>
  <datafield ind1=" " ind2=" " tag="991">
    <subfield code="b">s-Online</subfield>
    <subfield code="h">Electronic Resource</subfield>
  </datafield>
</record>
